Circuits and networks: analysis and synthesis (Record no. 12662)

000 -LEADER
fixed length control field 00463nam a22001697a 4500
020 ## - INTERNATIONAL STANDARD BOOK NUMBER
International Standard Book Number 9780070699724
082 ## - DEWEY DECIMAL CLASSIFICATION NUMBER
Classification number 621.31 SUD
100 ## - MAIN ENTRY--PERSONAL NAME
Personal name Sudhakar, A.
245 ## - TITLE STATEMENT
Title Circuits and networks: analysis and synthesis
250 ## - EDITION STATEMENT
Edition statement 4th ed.
260 ## - PUBLICATION, DISTRIBUTION, ETC.
Place of publication, distribution, etc. New Delhi, India
Name of publisher, distributor, etc. McGraw Hill
Date of publication, distribution, etc. 2010
300 ## - PHYSICAL DESCRIPTION
Extent xvii, 972 p.
Other physical details ill. ;
500 ## - GENERAL NOTE
General note Includes index.
650 ## - SUBJECT ADDED ENTRY--TOPICAL TERM
Topical term or geographic name entry element 1. Electric networks. 2. Electric circuits.
700 ## - ADDED ENTRY--PERSONAL NAME
Personal name Palli, Shyammohan S.
942 ## - ADDED ENTRY ELEMENTS (KOHA)
Koha item type Book
Holdings
Withdrawn status Lost status Damaged status Not for loan Collection code Permanent Location Current Location Shelving location Date acquired Source of acquisition Cost, normal purchase price Total Checkouts Full call number Barcode Date last seen Date last checked out Price effective from Koha item type
          Central Library (CL) Central Library (CL) General Stacks 12/27/2013 Allied Book Company 702.12 2 621.31 SUD SEECS012963 10/05/2018 10/01/2018 01/15/2014 Book
© 2023 Central Library, National University of Sciences and Technology. All Rights Reserved.